000 00635nam a2200265Ia 4500
005 20260121170225.0
008 008 260114s9999 xx 000 0 eng d
020 _a9783319706504
037 _aEBOOK
040 _aCRL
040 _beng
040 _cCRL
041 _2eng
041 _aeng
084 _qCRL
100 _aCécile Caillol
_91061293
245 0 _aScalar Boson Decays to Tau Leptons
260 _bSpringer
260 _bSpringer
260 _c2018
856 _uhttps://link.springer.com/openurl?genre=book&isbn=978-3-319-70650-4
942 _cEBOOK
999 _c1627022
_d1627022